000 00481nam a22001457a 4500
003 macl
005 20180408120235.0
008 180408b xxu||||| |||| 00| 0 eng d
040 _cmacl
100 _aपी के धोलपुरी
_971825
245 _aमनोविज्ञान के संदर्भ में
260 _aदिल्‍ली
_bलक्ष्‍य भारती
_c2016
650 _aमनोविज्ञान
_971826
942 _2ddc
_cHIN
999 _c57568
_d57568